| 000 | 00766nam a2200229Ia 4500 | ||
|---|---|---|---|
| 003 | GCL | ||
| 008 | 140319s9999 xx 000 0 ara d | ||
| 040 |
_aGCL / _cGCL |
||
| 082 | 0 | 4 |
_aد _b050 |
| 100 | 1 | _aاحمد محمود صبحى | |
| 245 | 1 | 0 |
_aفجر العلم الحديث (الاسلام-الصين_-الغرب)الجزء الثانى(عالم المعرفة220) / _cاحمد محمود صبحى |
| 700 | 1 | _aهاف، توبى | |
| 300 | _a238ص | ||
| 490 |
_aعالم المعرفة _v0 |
||
| 650 | 0 | 4 | _aالعلم |
| 650 | 0 | 4 | _aالعلم والحضارة |
| 650 | 0 | 4 | _aالحضارة الاسلامية |
| 650 | 0 | 4 | _aالعلم والمجتمع |
| 650 | 0 | 4 | _aالعلم والحياة |
| 650 | 0 | 4 | _aالحضارة - تاريخ |
| 942 |
_2ddc _cBK |
||
| 999 |
_c48127 _d48127 |
||